Quick Pick: Continents by Airports Quiz Stats

 Plays Quiz Updated Apr 8, 2020

     
Support Sporcle.
Go Orange.
Score 0/12 Timer 01:00
0 Plays Today
% Correct
Europe
94.4%
Europe
93.4%
Oceania
87.9%
South America
84.7%
North America
80.2%
Oceania
76.8%
Africa
67.4%
Asia
63.9%
Asia
62.3%
South America
58.8%
Africa
36.2%
North America
33.1%

Today's Daily Dose

From the Vault

Katy Perry Songs

by ELLLIEE

Music 12m
Katy Perry started off her career as a Christian artist, then went in a slightly different direction.
Remove Ads.
Support Sporcle.
Get the best of Sporcle when you Go Orange. This ad-free experience offers more features, more stats, and more fun while also helping to support Sporcle. Thank you for becoming a member.

Show Comments

Extras

Top Quizzes Today


Score Distribution

Your Account Isn't Verified!

In order to create a playlist on Sporcle, you need to verify the email address you used during registration. Go to your Sporcle Settings to finish the process.

Report this User

Report this user for behavior that violates our Community Guidelines.

Details: